東京の地下鉄 公式乗換 - Statistics

General Stats
  • This quiz has been taken 21 times
  • The average score is 23 of 28
Answer Stats
Hint Answer % Correct
1 赤坂見附
88%
1 永田町
88%
2 溜池山王
88%
2 国会議事堂前
88%
5 上野広小路
88%
5 上野御徒町
88%
11 人形町
88%
4 銀座
82%
4 銀座一丁目
82%
6 新宿
82%
6 新宿西口
82%
7 淡路町
82%
7 小川町
82%
7 新御茶ノ水
82%
8 後楽園
82%
8 春日
82%
9 日比谷
82%
13 東日本橋
82%
3 虎ノ門
76%
5 仲御徒町
76%
11 水天宮前
76%
12 秋葉原
76%
12 岩本町
76%
13 馬喰横山
76%
3 虎ノ門ヒルズ
71%
10 築地
71%
10 新富町
71%
9 有楽町
65%
No matching quizzes found
Score Distribution
Percent of People with Each Score
Percentile by Number Answered
Your Score History
You have not taken this quiz